Classifica Marcatori Serie A 2018-2019 - Statistics

Statistiche generali
  • Questo quiz è stato fatto 194 volte
  • Il punteggio medio è 15 su 17
Statistiche sulle risposte
Gol Nazione Squadra Calciatore % Corretto
15 Italia Lazio Ciro Immobile
100%
26 Italia Sampdoria Fabio Quagliarella
100%
21 Portogallo Juventus Cristiano Ronaldo
99%
17 Polonia Napoli Arkadiusz Milik
98%
16 Belgio Napoli Dries Mertens
98%
23 Colombia Atalanta Duván Zapata
98%
22 Polonia Genoa/Milan Krzysztof Piątek
98%
12 Slovenia Atalanta Josip Iličić
97%
15 Italia Torino Andrea Belotti
94%
10 Italia Napoli Lorenzo Insigne
94%
11 Argentina Inter Mauro Icardi
91%
11 Costa d'Avorio Parma Gervinho
86%
16 Italia Empoli Francesco Caputo
85%
16 Italia SPAL Andrea Petagna
81%
16 Italia Cagliari Leonardo Pavoletti
81%
11 Italia Roma Stephan El Shaarawy
52%
11 Francia Sampdoria Grégoire Defrel
44%
Nessun quiz corrispondente trovato
Distribuzione punteggi
Percentuale di utenti per punteggio
Percentile per numero di risposta
I tuoi punteggi nel tempo
Non hai fatto questo quiz